| 000 | 00716nam a2200241 a 4500 | ||
|---|---|---|---|
| 001 | BRCA_366 | ||
| 005 | 20190320202958.0 | ||
| 008 | 920728s1993 nyua b 001 0 eng | ||
| 020 | _a0810910853 | ||
| 040 |
_aDLC _cDLC _dDLC |
||
| 050 | 4 |
_aN7350 _b.M26 1993 |
|
| 100 | 1 |
_aMason, Penelope E. _d1935- _91233 |
|
| 245 | 1 | 0 |
_aHistory of Japanese Art _cPenelope Mason : editor Julia Moore. |
| 260 |
_aNueva York _bHarry N. Abrams _c1993 |
||
| 300 |
_a431 p. _bil. (algunas a color) _c29 cm. |
||
| 500 | _aIncluye glosario | ||
| 500 | _aDonación Fundación Japón | ||
| 504 | _aBibliografía: p. 393-404. | ||
| 650 | 1 | 4 |
_aArte japonés _91193 |
| 650 | 1 | 4 |
_aArte _xHistoria _zJapón _91234 |
| 902 | _aDFJ | ||
| 942 |
_2lcc _cB |
||
| 999 |
_c303 _d303 |
||